Introducción a la probabilidad y la estadística (Registro nro. 1316)

Detalles MARC
000 -LEADER
fixed length control field 01136 a2200205 4500
001 - CONTROL NUMBER
control field 25207
005 - DATE AND TIME OF LATEST TRANSACTION
control field 20260407155535.0
008 - FIXED-LENGTH DATA ELEMENTS--GENERAL INFORMATION
fixed length control field 260407a1972 arg spa d
003 - CONTROL NUMBER IDENTIFIER
control field AR-UNSa-BCEJYS
040 ## - CATALOGING SOURCE
Original cataloging agency AR-UNSa-BCEJYS
Language of cataloging spa
Transcribing agency AR-UNSa-BCEJYS
080 ## - UNIVERSAL DECIMAL CLASSIFICATION NUMBER
Universal Decimal Classification number 519.2
Common auxiliary subdivision Probabilidades y estadística matemática<br/>
100 1# - MAIN ENTRY--PERSONAL NAME
Personal name Beaver, Robert J.
245 10 - TITLE STATEMENT
Title Introducción a la probabilidad y la estadística
Name of part/section of a work guía programada
264 #1 - PRODUCTION, PUBLICATION, DISTRIBUTION, MANUFACTURE, AND COPYRIGHT NOTICE
Place of production, publication, distribution, manufacture México :
Name of producer, publisher, distributor, manufacturer Herrero Hermanos Sucesores
Date of production, publication, distribution, manufacture, or copyright notice 1972
300 ## - PHYSICAL DESCRIPTION
Extent xi, 408 p.
Dimensions 27 cm.
505 ## - FORMATTED CONTENTS NOTE
Formatted contents note 1. Introducción - 2. Notación matemática útil - 3. Descripción de distribuciones de medidas - 4. Probabilidad - 5. Variables aleatorias y distribuciones de probabilidad - 6. La distribución binominal - 7. La distribución normal - 8. Inferencia estadística - 9. Inferencia a partir de muestras pequeñas - 10. Regresión y correlación lineal - 11. Análisis de datos enumerativos - 12. Consideraciones para diseñar experimentos - 13. El análisis de varianza - 14. Estdísticos no parametricos.
590 ## - LOCAL NOTE (RLIN)
Local note niveau_biblio:m niveau_hierar:0
700 1# - ADDED ENTRY--PERSONAL NAME
Personal name Mendenhall, William
942 ## - ADDED ENTRY ELEMENTS (KOHA)
Koha item type
Existencias
Withdrawn status Lost status Damaged status Not for loan Home library Current library Shelving location Date acquired Total checkouts Full call number Barcode Date last seen Price effective from Koha item type
        Biblioteca Prof. Eusebio Cleto del Rey Biblioteca Prof. Eusebio Cleto del Rey   07/04/2026   519.2 M537 L24208 07/04/2026 07/04/2026 Libro